Buurtschap laarheide Quiz Stats

 Plays Quiz not verified by Sporcle

Support Sporcle.
Go Orange.
Score 0/30 Timer 20:00
0 Plays Today
% Correct
2018 10e on off
100%
2019 20e rimpels
50%
2017 7e verjaagd!
50%
2016 10e waterbuffalo
50%
2015 12e veilinghuis van gogh
50%
2014 17e speeldoosje
50%
2013 19e bubblegum!
50%
2012 10e schemer
50%
2011 7e il torre
50%
2010 16e m.d.s. warpact
50%
2009 14e nectar
50%
2008 17e de slag
50%
2007 13e florigami
50%
2006 11e chinees nieuwjaar
50%
2005 4e africanized killers
50%
% Correct
2004 13e een verschijning
50%
2003 9e van goghs dwaaltocht
50%
2002 4e mystière
50%
2001 4e the crazy horsedrivers
50%
2000 6e galea del drago - een slavengalei
50%
1999 13e duizend gezichten
50%
1998 mamalia
50%
1997 7e krachtmeting
50%
1996 17e in evenwicht
50%
1995 10e tovenaars van wales: krachtig, wonderbaarlijk en onsterfelijk
50%
1994 17e ballerina's, door het oog van degas
50%
1993 12e een droom van vrede
50%
1992 13e erik of het kleine insektenboek
50%
1991 18e met de beste wensen
50%
1990 15e van gogh's weg
0%

You're not logged in!

Compare scores with friends on all Sporcle quizzes.
OR
Log In

From the Vault

4-Letter Blitz

by sproutcm

May the fours be with you.
Remove Ads.
Support Sporcle.
Get the best of Sporcle when you Go Orange. This ad-free experience offers more features, more stats, and more fun while also helping to support Sporcle. Thank you for becoming a member.

Show Comments

Extras

Created Feb 13, 2020ReportNominate

Top Quizzes Today


Score Distribution

Your Account Isn't Verified!

In order to create a playlist on Sporcle, you need to verify the email address you used during registration. Go to your Sporcle Settings to finish the process.

Report this User

Report this user for behavior that violates our Community Guidelines.

Details: